00378nam a2200133Ia 4500008004100000020001500041041001200056100001900068245009700087260002500184300000800209650001400217700001300231221030s9999 xx 000 0 und d a8120346710 aEnglish aP. K. D. Gupta 0aCloud Computing - Based Projects Using Distributed Architecturecby P. K. D. Gupta, M. Nayak bPHIaNew Delhic2015 a324 aComputers aM. Nayak